Bionicle : (Record no. 7145)

MARC details
000 -LEADER
fixed length control field 00848nam a22002897a 4500
001 - CONTROL NUMBER
control field 7145
003 - CONTROL NUMBER IDENTIFIER
control field FISKH
005 - DATE AND TIME OF LATEST TRANSACTION
control field 20250630091138.0
008 - FIXED-LENGTH DATA ELEMENTS--GENERAL INFORMATION
fixed length control field 250630b cb ||||| |||| 00| 0 eng d
020 ## - INTERNATIONAL STANDARD BOOK NUMBER
International Standard Book Number 9780439745581
040 ## - CATALOGING SOURCE
Original cataloging agency FISKH
Language of cataloging eng
Transcribing agency FISKH
Modifying agency FISKH
050 ## - LIBRARY OF CONGRESS CALL NUMBER
Classification number PZ7.F2466 W
082 ## - DEWEY DECIMAL CLASSIFICATION NUMBER
Classification number 231
100 ## - MAIN ENTRY--PERSONAL NAME
Personal name Farshtey, Greg
Dates associated with a name (1965-)
245 ## - TITLE STATEMENT
Title Bionicle :
Remainder of title Web of shadows /
Statement of responsibility, etc. By Greg Farshtey
250 ## - EDITION STATEMENT
Edition statement This edition first published in 2005
260 ## - PUBLICATION, DISTRIBUTION, ETC.
Place of publication, distribution, etc. New York :
Name of publisher, distributor, etc. Scholastic,
Date of publication, distribution, etc. 2005
300 ## - PHYSICAL DESCRIPTION
Extent 139 pages :
Dimensions 20 cm
505 ## - FORMATTED CONTENTS NOTE
Formatted contents note R<br/>
520 ## - SUMMARY, ETC.
Summary, etc. The heroes of Metru Nui race against time to save their legendary city from the monstrous Visorak.<br/>
521 8# - TARGET AUDIENCE NOTE
Target audience note 740<br/>
Source Lexile<br/>
521 8# - TARGET AUDIENCE NOTE
Target audience note R<br/>
Source Raz-Plus<br/>
650 ## - SUBJECT ADDED ENTRY--TOPICAL TERM
Source of heading or term Adventure
Topical term or geographic name entry element Lego
650 ## - SUBJECT ADDED ENTRY--TOPICAL TERM
Source of heading or term Science fiction
Topical term or geographic name entry element Movies
942 ## - ADDED ENTRY ELEMENTS (KOHA)
Source of classification or shelving scheme Dewey Decimal Classification
Koha item type Books
Suppress in OPAC No
Holdings
Withdrawn status Lost status Source of classification or shelving scheme Damaged status Not for loan Collection Home library Current library Shelving location Date acquired Total Checkouts Full call number Barcode Date last seen Copy number Price effective from Koha item type
    Dewey Decimal Classification     Juvenile Fiction Footprints International School Library Network Toul Tom Poung Campus Footprints International School Library Network Toul Tom Poung Campus TTP Primary Orange Bookshelves 06/30/2025   FAR 231 PZ7.F2466 W 2025-1697 06/30/2025 1 06/30/2025 Books